logo

Bir Sreshtho Munshi Abdur Rouf Library
Jhenaidah Cadet College

বঙ্গবন্ধু শেখ মুজিব: (Record no. 12082)

MARC details
000 -LEADER
fixed length control field 00950nam a2200253 a 4500
001 - CONTROL NUMBER
JCCL Control Number 12082
003 - CONTROL NUMBER IDENTIFIER
JCCL marc code BD-JhCC
005 - DATE AND TIME OF LATEST TRANSACTION
control field 20210314094318.0
008 - FIXED-LENGTH DATA ELEMENTS--GENERAL INFORMATION
fixed length control field 200329s19992019b a|||| ||a| 001 0 ben d
020 ## - INTERNATIONAL STANDARD BOOK NUMBER
International Standard Book Number 9789840423200
035 ## - SYSTEM CONTROL NUMBER
system control number (BD-JhCC)12082
040 ## - CATALOGING SOURCE
Original cataloging agency BD-JhCC
Modifying agency BD-JhCC
041 ## - LANGUAGE CODE
Language code of Book bengali
082 ## - DEWEY DECIMAL CLASSIFICATION NUMBER
Classification number 923.1
Author mark and Year CHO 2017
100 ## - MAIN ENTRY--PERSONAL NAME
Personal name চৌধুরী,খালেদা এদিব
245 ## - TITLE STATEMENT
Title বঙ্গবন্ধু শেখ মুজিব:
Remainder of title এক সমুদ্র জীবন /
Statement of responsibility, etc খালেদা এদিব চৌধুরী।
260 ## - PUBLICATION, DISTRIBUTION, ETC. (IMPRINT)
Place of publication, distribution, etc ঢাকা:
Name of publisher, distributor, etc আগামী প্রকাশী;
Date of publication, distribution, etc ২০১৯.
300 ## - PHYSICAL DESCRIPTION
Pagination ২০৮ পৃ. :
Dimensions ২০ সেমি.
500 ## - GENERAL NOTE
General note [বঙ্গবন্ধুর কিশোর উপযোগী রাজনৈতিক জীবনী]
600 ## - SUBJECT ADDED ENTRY--PERSONAL NAME
Personal name Rahaman, shekh Mojibur
650 ## - SUBJECT ADDED ENTRY--TOPICAL TERM
Topical term or geographic name as entry element Biography
942 ## - ADDED ENTRY ELEMENTS (KOHA)
Source of classification or shelving scheme Dewey Decimal Classification
Koha item type Books
Holdings
Source of classification or shelving scheme Damaged status Not for loan Home library Current library Shelving location Date of accession Source of acquisition Cost, normal purchase price Total Checkouts Full call number Barcode Date last seen Date checked out Copy number Koha item type
Dewey Decimal Classification     JCC Rouf Library JCC Rouf Library General Stacks 03/14/2021 Lt. Gen. Mahfuzur Rahman (10th intake) 338.00 2 923.1 CHO 2017 16545 04/29/2024 03/04/2024 C-1 Books

JCC Library | Contacts | JCC Home

Last Update on 23 September 2017
Copyright @ 2017-2020 JCC Rouf Library
Rouf Library, Jhenidah Cadet College (JCC), Bangladesh